El estudiante de Salamanca

שמור ב:
מידע ביבליוגרפי
מחבר ראשי: Espronceda, José de
פורמט: ספר
שפה:Spanish
יצא לאור: Madrid, España PML Ediciones 1995
נושאים:
תגים: הוספת תג
אין תגיות, היה/י הראשונ/ה לתייג את הרשומה!

MARC

LEADER 00000nam a2200000Ia 4500
008 170316s9999 xx 000 0 spa d
040 |a cru BVZT 
090 |a 862 E-12e 
100 |a Espronceda, José de 
245 |a El estudiante de Salamanca 
260 |a Madrid, España 
260 |b PML Ediciones 
260 |c 1995 
300 |a 91 páginas 
650 |a LITERATURA ESPAÑOLA 
650 |a POESÍA NARRATIVA ROMÁNTICA 
999 |c 9809  |d 9809 
942 |c 15 D  |h 862 E-12e  |2 z